[Event "Moscow Aeroflot op"]
[Site "Moscow"]
[Date "2002.02.09"]
[Round "8"]
[White "Dolmatov, Sergey"]
[Black "Mamedyarov, Shakhriyar"]
[Result "1/2-1/2"]
[WhiteElo "2588"]
[BlackElo "2522"]
[Annotator "Huzman,A"]
[PlyCount "72"]
[EventDate "2002.02.04"]
[EventType "swiss"]
[EventRounds "9"]
[EventCountry "RUS"]
[SourceTitle "CBM 088"]
[Source "ChessBase"]
[SourceDate "2002.03.21"]
[SourceVersion "1"]
[SourceVersionDate "2002.03.21"]
[SourceQuality "1"]

1. e4 e5 2. Nf3 Nf6 3. d4 Nxe4 4. Bd3 d5 5. Nxe5 Nd7 6. Nc3 Nxc3 7. bxc3 Nxe5
8. dxe5 Be7 9. Qh5 (9. O-O O-O 10. f4 (10. Rb1 Rb8 11. Bf4 Be6 12. Qe2 Qd7 13.
Rfd1 Qa4 14. Qd2 c6 $11 {1-0 Sziva,E-Ghinda,E/Brno 1989/EXT 97 (55)}) 10... f5
11. Qe2 Be6 12. Rd1 Qe8 13. c4 d4 14. Bd2 Qa4 15. Kh1 c5 16. Rdb1 Rab8 17. Rb5
b6 18. Rab1 Qxa2 19. h3 Qa6 20. g4 Qc8 21. Rg1 $13 {1-0 Gdanski,J-Nikcevic,N/
Koszalin 1998/CBM 65 ext (32)}) 9... Be6 10. f4 g6 11. Qf3 f5 {Black is trying
to close the game but White would rather leave it open.} (11... Qd7 12. Be3 f5
13. Rb1 c6 14. a4 O-O 15. Qf2 b6 16. O-O Rfd8 17. Rfd1 Qc7 18. h3 Kg7 19. Kh2
Rf8 20. Ba6 Kh8 21. Be2 Rfd8 $14 {1-0 Varavin,V-Petronijevic,Z/Cheliabinsk
1990/EXT 97 (36)}) 12. exf6 (12. Rb1 Qc8 13. O-O O-O $11) 12... Bxf6 13. O-O {
[%cal Gf4f5]} O-O {[%cal Yf8f3]} 14. Ba3 Bxc3 (14... Rf7 $5 15. Rae1 Qd7 {
/\16.Bf5}) 15. Rad1 Bd4+ (15... Rf7 16. Bxg6 hxg6 17. Qxc3 $16 {[%csl Rg8]}) (
15... Qf6 $5 16. Bxf8 Rxf8 17. Qg3 Qg7 $44) 16. Kh1 c5 17. c3 (17. Qg3 $5 Kh8 (
17... Qc7 18. Bxg6 Qg7 19. Rxd4 cxd4 20. Bxf8 Rxf8 21. Bd3 Qxg3 22. hxg3 $14)
18. c3 Bxc3 (18... Qa5 19. cxd4 Qxa3 20. f5 $1 $16) 19. Bxc5 Rf6 20. Bxg6 Qa5
21. Rc1 d4 22. Rxc3 Qxc3 23. Qxc3 dxc3 24. Bd4 Kg7 25. Bxh7 Rc8 (25... Kxh7 26.
Bxf6 Rc8 27. Rc1 c2 28. a3) 26. Bc2 Bxa2 $17 27. Ra1 Bd5 28. Ra5 $13) 17... Qa5
$1 (17... Bxc3 18. Bxc5 Rf6 19. Bxg6 (19. Bc4 d4 (19... Qa5 20. Rxd5 Bxd5 21.
Qxd5+ Kh8 22. Bd4 Qxd5 23. Bxf6+ Bxf6 24. Bxd5 $11)) 19... Qa5 20. Rd3 $36 Be5
21. Rxd5 $1 $16) 18. cxd4 Qxa3 19. Bf5 $1 Qa6 20. Bxe6+ Qxe6 21. dxc5 Rad8 $11
22. Rfe1 Qc6 23. Re7 Rd7 (23... Rde8 24. Rxe8 Rxe8 25. h3 Re4 26. f5 $11) 24.
Rxd7 Qxd7 25. Rxd5 Qa4 $1 26. f5 (26. g3 Qxa2 27. Rd1 Qc4 $11) 26... Qxa2 27.
h3 Rxf5 (27... Qb1+ 28. Kh2 Rxf5 29. Rd8+ Kf7 30. Rd7+ Ke8 (30... Kg8 31. Qc3
Rf7 32. Rd8+ Rf8 33. Qc4+ Kg7 34. Rd7+ $18) 31. Rxb7 Rxf3 32. Rxb1 $11) 28.
Rd8+ Kg7 29. Qxb7+ Kh6 30. Qe4 Qa1+ 31. Kh2 Qe5+ $11 32. Qxe5 Rxe5 33. Rc8 a5
34. Kg3 a4 35. Kf4 Re1 36. Ra8 Rc1 1/2-1/2

[Event "Montreal 2nd"]
[Site "Montreal"]
[Date "2001.08.02"]
[Round "1"]
[White "Oral, Tomas"]
[Black "Turov, Maxim"]
[Result "1/2-1/2"]
[WhiteElo "2540"]
[BlackElo "2550"]
[Annotator "Huzman,A"]
[PlyCount "83"]
[EventDate "2001.08.02"]
[EventType "tourn"]
[EventRounds "11"]
[EventCountry "CAN"]
[EventCategory "9"]
[SourceTitle "CBM 085"]
[Source "ChessBase"]
[SourceDate "2001.11.13"]
[SourceVersion "1"]
[SourceVersionDate "2001.11.13"]
[SourceQuality "1"]

1. e4 e5 2. Nf3 Nf6 3. d4 Nxe4 4. Bd3 d5 5. Nxe5 Nd7 6. Nc3 Nxe5 7. dxe5 Bb4 (
7... Nxc3 8. bxc3 Be7 9. Qh5 Be6 10. Rb1 Qd7 11. Bg5 O-O-O 12. O-O h6 {
Kremenetsky-Pripis/Moskau 1977 (12)}) 8. O-O Bxc3 (8... Nxc3 9. bxc3 Bxc3 10.
Rb1 (10. Ba3 Bxa1 11. Qxa1 Be6 12. Rb1 Qc8 13. Qd4 c6 14. f4 g6 15. f5 gxf5 16.
Qh4 Qd7 17. Bd6 $44 {1-0 Jovic,D-Vitor,A/Bratislava 1993/TD (53)}) 10... O-O (
10... Qe7 11. Rb3 Bxe5 12. Re1 O-O 13. Qh5 f5 14. Bf4 {1-0 Sax,G-Nunn,J/
Brussels 1985/EXT 99 (14)}) (10... Qh4 11. Qf3 (11. f4 O-O 12. Kh1 f6 13. Rb3
Ba5 14. Bb2 fxe5 15. Bxe5 c6 16. c4 Rf7 17. cxd5 Bg4 18. Qb1 cxd5 19. Rxb7 $16
{1-0 Nevednichy,V-Grimberg,G/Avoine FRA 2000/ (28)}) 11... c6 12. Bf5 Bxe5 13.
h3 O-O 14. Bxc8 Rfxc8 15. Rxb7 Qf6 16. Qg4 Rcb8 17. Rxb8+ Rxb8 {1-0 Burdova,
K-Goreskul,A/Tallinn 1997/EXT 98 (17)}) (10... Be6 11. f4 g6 12. Rxb7 Bd4+ 13.
Kh1 Bb6 14. Ba3 Bd7 15. Qe2 Bc6 16. Ba6 Qd7 17. c4 dxc4 18. Rd1 Qh3 19. Bb5
Bxb5 20. gxh3 Bc6+ 21. Qg2 Bxg2+ 22. Kxg2 Rd8 23. Rxd8+ Kxd8 24. Rb8+ {1-0
Sebastianelli,D-Mosna,S/Asiago tt 1991 (24)}) 11. Bxh7+ (11. Rb3 Ba5 12. Qh5 g6
13. Qh6 f6 14. Bxg6 Qe7 15. Bxh7+ Qxh7 16. Rg3+ Bg4 17. Rxg4+ Kh8 18. Qf4 Qe4
19. Qg3 {1-0 Joecks,C-Leissner,B/Hamburg Wichern op 1999/ (19)}) 11... Kxh7 12.
Qd3+ g6 13. Qxc3 Rh8 14. Qg3 Kg8 15. Bg5 Qd7 16. Bf6 Rh7 17. Rfd1 c5 18. Qf3 d4
19. c3 Qa4 20. cxd4 Bf5 21. Qxb7 Re8 22. Qb5 Qxb5 23. Rxb5 c4 24. Rc1 {1-0
Thipsay,B-Radha,S/Calcutta 1994/EXT 97 (24)}) 9. bxc3 Be6 (9... O-O 10. Qh5 f5
11. exf6 Nxf6 12. Qe5 c6 13. c4 Re8 14. Qd4 dxc4 15. Qxc4+ Be6 16. Qh4 Bd5 17.
Bb2 Ne4 18. Qg4 Qg5 19. Qxg5 Nxg5 20. f3 $14 {0-1 Zarnicki,P-Spangenberg,H/
Buenos Aires 1991/TD (43)}) (9... Nc5 10. Ba3 b6 11. Bxc5 bxc5 12. c4 d4 13.
Qf3 Bd7 14. Qd5 O-O 15. Qxc5 $18 {1-0 Oral,T-Rozentalis,E/Montreal CAN 2001/ 
(34)} (15. Qxc5 Be6 16. Be4 Rb8 17. f4 Re8 18. f5 Bc8 19. f6 Bb7 20. Bxb7 Rxb7
21. Rad1 Rb6 22. Rxd4 $18 {1-0 Oral,T-Rozentalis,E/Montreal 2001/CBM 85_01 (34)
})) 10. c4 $6 (10. f4 f5 (10... Qd7 11. Qf3 g6 12. c4 Nc5 13. Be2 dxc4 (13...
Qc6 14. Rd1 O-O-O 15. Ba3 Na4 16. Qe3 Nb6 17. cxd5 Bxd5 18. Be7 Rd7 19. Bg4 Be6
20. Bf3 Qa4 21. Rxd7 Bxd7 22. Qe4 Qxe4 23. Bxe4 Re8 24. Bc5 Be6 25. a4 Bd5 26.
Bd3 Bc6 27. a5 Nd5 28. g3 a6 $14 {1/2-1/2 Sax,G-Nikolic,P/Brussels 1988/CBM 07
(39)}) 14. Ba3 Bd5 15. Qe3 Ne6 16. Rad1 Qc6 17. Qf2 Rd8 18. Qh4 Rd7 19. f5 gxf5
20. Rxf5 Rg8 21. g3 Bh1 22. Rf2 Rxd1+ 23. Bxd1 Ng5 24. Qh5 Bd5 25. Rf6 Qb5 26.
e6 Qb6+ 27. Rf2 Bxe6 $17 {0-1 Kondou,E-Heintze,M/Novi Sad 1990/EXT 97 (31)})
11. exf6 Qxf6 12. Bxe4 dxe4 13. Qh5+ Qf7 14. Qb5+ c6 15. Qb4 Bd5 16. a4 b6 17.
a5 c5 18. Qa4+ Qd7 19. axb6 Qxa4 20. Rxa4 axb6 21. Rxa8+ Bxa8 22. c4 Rf8 23.
Kf2 Rf7 24. Ke3 Rd7 25. Bb2 g6 26. Ra1 {1/2-1/2 Palac,M-Arkhipov,S/Belgrade
1988/TD (26)}) (10. a4 Nxc3 11. Qe1 d4 12. f4 g6 13. Bd2 Qd7 14. a5 O-O-O 15.
Qf2 Kb8 16. h3 Bf5 17. Qf3 Qd5 18. Bxf5 gxf5 19. Bxc3 dxc3 20. a6 b6 21. Rad1
Qxf3 22. Rxd8+ Rxd8 23. Rxf3 Rd1+ 24. Kh2 Ra1 $17 {0-1 Szymanski,A-Janik,K/
Krynica 1994/EXT 98 (47)}) 10... Nc5 (10... Nc3 $5 11. Qe1 dxc4 12. Qxc3 cxd3
13. Ba3 (13. cxd3 O-O 14. f4 (14. Be3 Qd7 15. Rfc1 c6 16. a4 Bd5 $15) 14... Qd7
$15) 13... dxc2 (13... c5 14. Qxc5 Rc8 15. Qb5+ Qd7 16. Qxd7+ Kxd7 17. cxd3 Rc2
$15) 14. Qxc2 Qd7 15. Rfd1 Bd5 16. Rd3 (16. Rxd5 Qxd5 17. Qxc7 Qd7 18. Rc1 $44)
16... c6 17. Rad1 $44 {[%csl Re8]}) 11. cxd5 (11. Qe2 Nxd3 12. cxd3 dxc4 13.
dxc4 Qd4 $17) 11... Qxd5 12. Bb5+ c6 13. Qxd5 Bxd5 14. Be2 O-O-O (14... Be4 15.
Be3 (15. c4 Bd3 16. Re1 Bxe2 17. Rxe2 Ne6 $11) 15... Nd7 16. f4 Bxc2 17. Rac1
Be4 18. Rfd1 Ke7 $17) 15. Be3 b6 16. Bxc5 bxc5 17. f4 Kc7 $132 {[%cal Yd8b8,
Yb8b2]} 18. Bf3 Rb8 19. c4 Be6 20. f5 $1 Bxf5 21. Bd5 cxd5 22. Rxf5 dxc4 23.
Rxf7+ Kc6 24. Rxa7 (24. Rxg7 Rhd8 25. Rxh7 Rd2 26. Rxa7 Rbb2 27. Rg7 c3 $19)
24... Rb2 25. Rc1 (25. Rd1 c3 $17) 25... Rd8 26. h4 (26. Rxg7 c3 $19) 26... Rd4
(26... g6 27. Rxc4 Rdd2 28. Rg4) 27. Rxg7 Rxh4 $15 28. e6 Rxa2 29. Re1 Ra8 30.
Re3 Re8 31. Kf2 c3 32. Rxc3 Rxe6 33. Rg5 c4 34. g4 $1 Re4 35. Re3 $1 Rh2+ $2 (
35... Rexg4 36. Re6+ Kd7 37. Rxg4 (37. Rh6) 37... Rxg4 38. Rh6 Re4 $19) 36. Kf3
Rxe3+ 37. Kxe3 c3 38. Kd4 $1 c2 39. Rc5+ $11 Kd6 40. Rc8 Rg2 41. Kd3 Ke5 42.
Rxc2 1/2-1/2

[Event "Schacknytt GM"]
[Site "Upplands Vasby"]
[Date "2000.12.10"]
[Round "6"]
[White "Wedberg, Tom Birger"]
[Black "Rozentalis, Eduardas"]
[Result "1/2-1/2"]
[WhiteElo "2473"]
[BlackElo "2570"]
[Annotator "Huzman,A"]
[PlyCount "60"]
[EventDate "2000.12.05"]
[EventType "tourn"]
[EventRounds "7"]
[EventCountry "SWE"]
[EventCategory "11"]
[SourceTitle "CBM 081"]
[Source "ChessBase"]
[SourceDate "2001.03.20"]
[SourceVersion "1"]
[SourceVersionDate "2001.03.20"]
[SourceQuality "1"]

1. e4 e5 2. Nf3 Nf6 3. d4 Nxe4 4. Bd3 d5 5. Nxe5 Nd7 6. O-O Nxe5 7. dxe5 Nc5 8.
Be2 Be7 9. Be3 O-O 10. f4 f6 $1 11. exf6 Rxf6 12. c4 Be6 13. cxd5 Qxd5 $1 (
13... Bxd5 14. Nc3 Bc6 15. Qc2 Qf8 16. b4 Ne6 17. f5 Nd8 18. b5 Bc5 19. Qb3+
Kh8 20. Bxc5 Qxc5+ 21. Kh1 {1-0 Wedberg,T-Ingbrandt,J/Orebro SWE 2000/ (21)})
14. Nc3 (14. Qxd5 Bxd5 15. Nc3 Bf7 16. b4 Na6 (16... Nd7 17. Bd4 (17. Rad1 Rd8
18. a3 $14)) 17. a3 Re6 18. Nd5 Bd6 {[%cal Yc7c6]} (18... c6 19. f5 Re5 20.
Nxe7+ Rxe7 21. Bxa6 bxa6 22. Bc5 Re2 23. Rf2 Rxf2 (23... Rae8 24. Bxa7 Bd5 $14)
24. Bxf2 Rd8 $14) 19. Bxa6 bxa6 20. Bc5 Re2 21. Rad1 Bxc5+ 22. bxc5 Bxd5 23.
Rxd5 Rb8 $11) 14... Qxd1 (14... Qf5 15. g4 $1 Rg6 16. Kh1 Rxg4 17. Bxg4 Qxg4
18. Qxg4 Bxg4 19. Nd5 $16) 15. Raxd1 c6 16. Rd2 (16. g4 $5 g6 17. b4 Nd7 18.
Ne4 Rff8 $11) 16... a5 17. b3 Rff8 $11 18. Rfd1 Rae8 19. g3 g6 20. Bf2 h6 21.
Kg2 Na6 $5 (21... Bf5 $2 22. Bc4+ Kh7 23. Re2 $1 $18) 22. Bxa6 bxa6 {[%csl Ra5,
Ra6,Rc6,Ge6,Ge7] Two Bishops is sufficient compensation for weaknesses of
Queen`s side pawns.} 23. Rd3 Bf5 24. Re3 Bb4 25. Na4 Rd8 26. Rxd8 Rxd8 27. Re2
Bg4 28. Rc2 Rd3 29. Bc5 Bd1 30. Rf2 Bc3 1/2-1/2

[Event "Bundesliga 0001"]
[Site "Germany"]
[Date "2001.03.11"]
[Round "11.3"]
[White "Holzke, Frank"]
[Black "Schandorff, Lars"]
[Result "1/2-1/2"]
[WhiteElo "2470"]
[BlackElo "2520"]
[Annotator "Huzman,A"]
[PlyCount "35"]
[EventDate "2000.10.14"]
[EventType "team-tourn"]
[EventRounds "15"]
[EventCountry "GER"]
[SourceTitle "CBM 082"]
[Source "ChessBase"]
[SourceDate "2001.05.17"]
[SourceVersion "1"]
[SourceVersionDate "2001.05.17"]
[SourceQuality "1"]
[WhiteTeam "Wattenscheid"]
[BlackTeam "Werder Bremen"]
[WhiteTeamCountry "GER"]
[BlackTeamCountry "GER"]

1. e4 e5 2. Nf3 Nf6 3. d4 Nxe4 4. Bd3 d5 5. Nxe5 Nd7 6. Nxd7 Bxd7 7. O-O Bd6 8.
c4 c6 9. cxd5 cxd5 10. Qh5 O-O 11. Qxd5 Bc6 12. Qh5 g6 13. Qh3 Ng5 14. Qg4 Ne6
15. Bh6 Bf4 $146 {[%mdl 8] This is a very interesting novelty which makes this
line unpromising for White.} (15... Re8 16. Nc3 (16. d5 Bxd5 17. Bb5 Bc6 18.
Bxc6 bxc6 19. Nd2 Qb8 20. h3 Qxb2 21. Nc4 Qb8 22. Rab1 Qc7 23. Nxd6 Qxd6 24.
Rfd1 $44 {1/2-1/2 Tiviakov,S-Kramnik,V/Las Vegas USA 1999 (30)}) 16... Bf4 (
16... Nxd4 17. Rad1 Be5 (17... Qf6 18. Be3 Qe5 19. Qh4 Ne6 20. Bc4 Be7 21. Qh3
Bc5 $11 {0-1 Sadvakasov,D-Delgado,N/Santa Clara CUB 1999 (69)}) 18. f4 f5 19.
Qh3 (19. Qg3 Bf6 20. Kh1 Qb6 21. Bc4+ Kh8 22. Nd5 Bxd5 23. Bxd5 Rad8 24. Bf7
Re2 $17 {0-1 Holzke,F-Meissner,B/Mainz GER 2000 (64)}) (19. Bxf5 $2 Qb6 20.
Bxg6 Nf5+ 21. Rf2 Nxh6 22. Qg3 Rf8 23. Be4+ Bg7 24. Rd6 Nf5 $19 {0-1 Vescovi,
G-Pierrot,F/Buenos Aires 2000 (32)}) 19... Bf6 20. Bg5 Bxg5 21. Bc4+ Kh8 22.
fxg5 Qb6 23. Kh1 Qxb2 24. Rxd4 Re3 25. Nd1 Qxd4 26. Nxe3 Re8 27. Qh6 Qxe3 28.
Rxf5 Bd5 29. Rf8+ Bg8 $11 {1/2-1/2 Nijboer,F-Van der Sterren,P/Rotterdam NED
1999 (38)}) 17. Bxf4 Qxd4 18. Be4 f5 (18... Nxf4 19. Qxf4 Bxe4 20. Rfe1 Bb1 $1
21. Qc1 Bf5 $11 {1/2-1/2 Bologan,V-Onischuk,A/Biel 1999/CBM 72/ (24)}) 19. Qd1
(19. Qg3 Nxf4 20. Bxc6 bxc6 21. Qf3 Nd5 22. Rad1 Qg4 23. Nxd5 Qxf3 24. gxf3
cxd5 25. Rxd5 Rad8 26. Rfd1 $16 {1/2-1/2 Anand,V-Karpov,A/Leon ESP 1999 (57)})
19... Qxd1 20. Rfxd1 fxe4 21. Be3 Kf7 22. b4 b6 23. a4 $14 {1-0 Kasparov,
G-Piket,J/Wijk aan Zee 1999/CBM 69 (40)}) 16. Bxf4 (16. Bxf8 Qxd4 (16... h5 17.
Qe2 Bxh2+ 18. Kxh2 Qh4+ 19. Kg1 Bxg2 20. f4 Bxf1 21. Qxf1 Nxf4 $40) 17. Qe2 (
17. Be2 h5 18. Qh4 Qxb2 $17) (17. Bf5 Nxf8 18. Nc3 h5 19. Qh3 gxf5 20. Ne2 Qe5
$17) (17. h3 Rxf8 18. Qe2 Bc7 $40 {[%cal Ye6f4]}) 17... Bxh2+ $1 18. Kxh2 Qh4+
19. Kg1 Bxg2 $1 20. f4 (20. f3 Nf4 21. Qxg2 Nxg2 22. Kxg2 Rxf8 23. Nc3 Qg5+ 24.
Kh3 Rd8 $17) 20... Qh1+ 21. Kf2 Bxf1 22. Qxf1 Qh2+ 23. Qg2 Qxf4+ 24. Kg1 Rxf8
$17) 16... Qxd4 17. Nc3 Qxf4 (17... Nxf4 18. Be4 Nd3 19. Rad1 Bxe4 20. Qxe4
Qxe4 21. Nxe4 Rad8 22. Rd2 $11) (17... f5 $6 18. Qg3 Nxf4 19. Rfd1 Rad8 (19...
Qb4 20. a3 $16) 20. Bf1 Qb4 21. b3 $14) 18. Qxf4 1/2-1/2

[Event "EU-ch 2nd"]
[Site "Ohrid"]
[Date "2001.06.06"]
[Round "6"]
[White "Tiviakov, Sergei"]
[Black "Timoscenko, Gennadij A"]
[Result "1-0"]
[WhiteElo "2603"]
[BlackElo "2531"]
[Annotator "Huzman,A"]
[PlyCount "103"]
[EventDate "2001.06.01"]
[EventType "swiss"]
[EventRounds "13"]
[EventCountry "YUG"]
[SourceTitle "CBM 084"]
[Source "ChessBase"]
[SourceDate "2001.09.13"]
[SourceVersion "1"]
[SourceVersionDate "2001.09.13"]
[SourceQuality "1"]

1. e4 e5 2. Nf3 Nf6 3. d4 Nxe4 4. Bd3 d5 5. Nxe5 Nd7 6. Qe2 Nxe5 7. Bxe4 dxe4
8. Qxe4 Be6 9. Qxe5 Qd7 10. O-O O-O-O 11. Be3 Bb4 12. c3 f6 13. Qg3 Be7 (13...
Bd6 14. Bf4 Bf8 15. Re1 Bd5 16. c4 $1 $16 {Ninov-Raecky,A Primorsko 1990}) 14.
Nd2 h5 15. f3 (15. f4 h4 (15... g5 16. Ne4 h4 17. Qf2 g4 18. f5 Bd5 19. Nd2 g3
20. Qe2 h3 21. Nf3 Rdg8 22. hxg3 Rxg3 {0-1 Hayes,R-Lainer,M/NAtlantic tt3
corr9092 1990/CR97-90 (22)}) 16. Qf2 h3 17. g3 Bd5 18. c4 Bg2 19. Rfd1 Rhe8 20.
d5 (20. Rac1 Bb4 21. a3 Bxd2 22. Qxd2 Kb8 23. d5 c6 24. Qf2 b6 25. Rc3 cxd5 26.
cxd5 Bxd5 27. Rcd3 $11 {1/2-1/2 Segal,A-Halasz,T/Beersheba 1991/EXT 97 (33)})
20... Bb4 21. Nf1 Re4 22. a3 Bf8 23. Nd2 Re7 24. Nb3 Qa4 25. Nc5 Qxc4 26. Ne6
Rxd5 27. Nxf8 Rxd1+ 28. Rxd1 Bc6 {1/2-1/2 Vorobiov,E-Egin,V/Memorial Goldberg,
Moscow (Russia) 1997 (47)}) 15... g5 (15... Bd6 16. Qf2 Qf7 17. Rac1 (17. Ne4
Be7 18. b3 g5 19. c4 g4 20. fxg4 hxg4 21. d5 Qh7 22. Bf4 Bxd5 23. cxd5 Qxe4 24.
Qxa7 Qxd5 25. Kh1 Bc5 26. Qa8+ Kd7 27. Qa5 b6 28. Rad1 bxa5 29. Rxd5+ Kc6 30.
Rf5 Bd6 31. Rxf6 $16 Kb5 32. Bxd6 cxd6 33. Kg1 Rhg8 34. Rd1 d5 35. Kf2 d4 36.
Ke2 Rge8+ 37. Kd2 Kb4 38. Rf5 {1-0 Harding,T-Castro,J/Loeffler mem corr9599
1995/Corr 2000 (38)}) 17... g5 18. c4 g4 19. d5 Bf5 20. Rfd1 Rdg8 21. fxg4 Bxg4
22. Nf3 h4 23. Rd2 Qh5 24. Rf1 Bh3 25. Ne1 Bxg2 26. Nxg2 h3 27. Qf5+ Qxf5 28.
Rxf5 Bxh2+ 29. Kf1 Be5 30. Bf4 Bxf4 31. Nxf4 h2 32. Rxh2 Rxh2 33. Rxf6 Rxb2 $19
{0-1 Jonsson,M-Hellsten,J/Borlange 1992/TD (51)}) (15... h4 16. Qf2 h3 17. g3
Qb5 18. b3 Rhe8 19. c4 Qa5 20. a3 Qc3 21. d5 Bf5 22. Rfc1 Qd3 23. Re1 Bd6 24.
f4 Rd7 25. c5 Bf8 26. d6 cxd6 27. cxd6 Bxd6 28. Bxa7 Rde7 29. Nc4 Rxe1+ 30.
Rxe1 Rxe1+ 31. Qxe1 Kd7 {1/2-1/2 Krakops,M-Raetsky,A/Apolda 1994 (31)}) 16. c4
f5 17. Qe5 Bd6 18. Qa5 Bf4 19. Bxf4 Qxd4+ 20. Rf2 gxf4 21. Nb3 Qb6 22. Qxb6
axb6 23. Rc2 (23. Rc1 $5 Rd6 $140 24. c5 bxc5 25. Nxc5 Rhd8 26. Nxe6 Rxe6 27.
Rfc2 c6 28. Kf1 $14 {Yurkov}) 23... Rhe8 $2 (23... Rd6 24. Re1 Rhd8 25. Kf2 Rc6
26. Rec1 h4 27. Nd2 b5 28. c5 b4 29. b3 b5 30. Nf1 Rd3 {1/2-1/2 Georgiev,
K-Salov,V/Leningrad 1987 (61)}) 24. Kf2 Bf7 25. Re1 Rxe1 26. Kxe1 h4 27. h3 {
[%csl Rf4,Rf5,Rh4]} Re8+ 28. Kf2 b5 $2 29. cxb5 Bxb3 30. axb3 Re3 31. b4 Rb3
32. Rc4 $18 Rxb2+ 33. Kg1 Kd7 34. Rxf4 Ke6 35. Rxh4 Rc2 36. b6 cxb6 37. Rh6+
Ke5 38. Rxb6 Rc7 39. Kh2 Kf4 40. Rb5 Rf7 41. g4 fxg4 42. fxg4 Rd7 43. Rf5+ Ke4
44. Kg3 Rd3+ 45. Kh4 Rd7 46. Rf6 Ke5 47. Kg5 Rg7+ 48. Rg6 Rh7 49. h4 b5 50. h5
Kd5 51. Rf6 Rg7+ 52. Kh4 1-0

[Event "Vidmar Memorial 14th"]
[Site "Portoroz"]
[Date "2001.07.06"]
[Round "4"]
[White "Volokitin, Andrei"]
[Black "Mikhalchishin, Adrian"]
[Result "1/2-1/2"]
[WhiteElo "2551"]
[BlackElo "2518"]
[Annotator "Huzman,A"]
[PlyCount "30"]
[EventDate "2001.07.03"]
[EventType "tourn"]
[EventRounds "9"]
[EventCountry "SLO"]
[EventCategory "14"]
[SourceTitle "CBM 085"]
[Source "ChessBase"]
[SourceDate "2001.11.13"]
[SourceVersion "1"]
[SourceVersionDate "2001.11.13"]
[SourceQuality "1"]

1. e4 e5 2. Nf3 Nf6 3. d4 Nxe4 4. dxe5 d5 5. Nbd2 Bf5 6. Nd4 Bg6 7. h4 $146 (7.
e6 Bc5 8. exf7+ Kxf7 9. Nxe4 Bxe4 10. Nb3 Re8 $17 11. Be3 Bxe3 12. Qh5+ $4 Bg6
13. Qf3+ Bf4+ $19 {0-1 Orzoff,N-Mecking,P/IECG 7PSRR-2.001 1995 (31)}) 7... Bc5
(7... Qe7 8. Qe2 (8. h5 Qxe5 9. N2f3 Bxh5 10. Nxe5 Bxd1 11. Be3 Bd6 $17) 8...
c5 (8... Qxe5 9. N2f3 Qf6 10. h5 Bc5 11. hxg6 Bxd4 12. Nxd4 Qxd4 13. f3 $18) 9.
Nxe4 Bxe4 10. Nb5 Qd7 11. c4 $16) 8. N2b3 (8. Nxe4 Bxe4 9. Bg5 Qd7 10. Nb3 Bb6
11. f3 Bf5 12. g4 h6 $13) 8... h5 (8... Qe7 $5 9. h5 (9. Nxc5 Nxc5 10. f4 f6
$17) 9... Qxe5 10. Be2 Bf5 $17) 9. Nxc5 Nxc5 10. Be3 Qd7 (10... Qe7 11. Nb5 (
11. f4 f6 $132) 11... Nba6 12. Qxd5 Rd8 13. Qc4 Qxe5 14. Nd4 O-O 15. O-O-O Be4
$132) 11. Nb5 Ne6 12. c4 a6 13. cxd5 (13. Nd4 Nxd4 14. Qxd4 Be4 15. O-O-O (15.
f3 Nc6 16. Qd2 d4 17. Rd1 Bg6 18. Bxd4 O-O-O $36) 15... Qa4 16. Qc3 Nc6 17.
cxd5 Nb4 18. Bc4 Nxa2+ 19. Bxa2 Qxa2 $17) 13... axb5 14. dxe6 Qxe6 15. Bxb5+ c6
(15... c6 16. Be2 Nd7 (16... Qxe5 17. Bd4 Qe6 18. Bxg7 Rg8 19. Rh3 $1 $16) 17.
f4 Rxa2 18. Rxa2 Qxa2 $11) 1/2-1/2

[Event "EU-ch 4th"]
[Site "Istanbul"]
[Date "2003.06.07"]
[Round "8"]
[White "Galkin, Alexander"]
[Black "Macieja, Bartlomiej"]
[Result "1-0"]
[WhiteElo "2591"]
[BlackElo "2634"]
[Annotator "Huzman,A"]
[PlyCount "109"]
[EventDate "2003.05.30"]
[EventType "swiss"]
[EventRounds "13"]
[EventCountry "TUR"]
[SourceTitle "CBM 096"]
[Source "ChessBase"]
[SourceDate "2003.09.25"]
[SourceVersion "1"]
[SourceVersionDate "2003.09.25"]
[SourceQuality "1"]

1. e4 e5 2. Nf3 Nf6 3. d4 Nxe4 4. Bd3 d5 5. Nxe5 Nd7 6. Nxd7 Bxd7 7. O-O Bd6 8.
c4 c6 9. cxd5 cxd5 10. Nc3 Nxc3 11. bxc3 O-O 12. Qh5 f5 13. Qf3 Kh8 14. Bf4 Qc7
15. Bxd6 Qxd6 16. Bc2 (16. Rab1 b6 17. Rfe1 (17. Bb5 Rac8 18. a4 Rfe8 19. Qd3
Re4 20. f3 Re7 21. Rfe1 Rce8 $11 {1/2-1/2 Roche Simon,M-Solano Lasierra,J/
Zaragoza 2001/EXT 2003 (49)}) 17... Rfe8 18. h4 g6 19. Bc2 Rac8 20. Rbd1 Bb5
21. h5 Kg7 22. a4 Bc4 23. g3 Re6 24. Re3 Rce8 25. Rde1 Rxe3 26. Rxe3 Re6 $11 {
1/2-1/2 Firt,S-Velicka,P/Opava 2000/CBM 76 ext (37)}) (16. Rfe1 Rfe8 17. g3 g6
18. Bc2 {1/2-1/2 Groszpeter,A-Lipinsky,F/Paks 2000/CBM 77 ext (18)}) 16... Rfe8
17. Rfe1 Rac8 (17... g6 18. h4 Kg7 19. c4 dxc4 20. Qxb7 Rab8 21. Qxa7 Ra8 22.
Qc5 Qxc5 23. dxc5 Rxa2 $15 {0-1 Becerra Rivero,J-Perez,R/Santa Clara 1999/EXT
2003 (38)}) 18. h4 $1 {[%mdl 4] White aims at bursting the "h" file open in
order to create the second weakness and stretch Black's defence beyond its
breaking point.} (18. Bb3 Re4 19. Bc2 Ree8 20. Bb3 {1/2-1/2 Rublevsky,S-Oll,L/
Polanica Zdroj 1998/CBM 67 (20)} (20. h3 g6 21. Bb3 Re4 22. Bc2 Ree8 23. g3 Kg7
24. h4 h5 25. Bb3 Re4 26. Bc2 Ree8 27. Bb3 {1/2-1/2 Ovetchkin,R-Skatchkov,P/
Nefteyugansk 2002/CBM 92 no vc (27)})) 18... g6 (18... Re6 $5 19. h5 (19. Rxe6
Qxe6) (19. Re3 Rxe3 20. Qxe3 Re8 $11) 19... Rce8 20. Rxe6 Qxe6 $11) 19. h5 Kg7
(19... b5 $5 20. hxg6 hxg6 21. Rxe8+ Rxe8 22. g3 Kg7 23. Kg2 $14 {/=}) 20. g3
Qc6 21. Rxe8 Rxe8 22. Kg2 $14 Qd6 23. Rh1 Bb5 24. Bb3 Re4 25. hxg6 hxg6 26. Qd1
$1 {[%mdl 32]} Qe6 (26... f4 $5 27. Qc1 $1 {[%cal Gb3d1,Gd1f3,Gh1h4,Gc1h1]} (
27. Qd2 Bc4 $11) (27. Rh3 f3+ $1 $19) (27. Qg4 $140 $2 f3+ 28. Qxf3 Be2 $19)
27... Bc4 (27... Be2 28. Bc2 Re7 29. Rh4 $36) 28. Bd1 Re6 29. Bf3 Rf6 30. Rh4
$36 {[%cal Gc1h1]}) 27. Qd2 $16 Re2 (27... f4 28. Bd1 $1 Qf5 29. Bf3 $16) 28.
Qh6+ Kf7 29. Qf4 $1 Bc6 (29... g5 30. Qf3 g4 31. Qxd5 Bc6 32. Qxc6 bxc6 33. Rh6
$1 $18) 30. Qc7+ Kf6 (30... Bd7 31. Rh7+ Kg8 32. Rh4 Qc6 33. Qa5 $1 $16) 31.
Qd8+ Qe7 32. Qh8+ Qg7 33. Qh4+ g5 (33... Ke6 34. Bd1 $1 Re4 35. Qd8 Qf6 36.
Qc8+ Kd6 37. Qb8+ Kd7 38. Ba4 $1 Bxa4 39. Qxb7+ Kd6 (39... Ke8 40. Rh8+ Qxh8
41. Qc8+ $18) 40. Qb4+ $18) 34. Qh5 Re8 (34... g4 35. Qh4+ Ke6 (35... Qg5 36.
Qh8+ (36. Qh7 $2 Rxf2+ 37. Kxf2 Qd2+ $11) 36... Ke6 37. Bd1 $1 Re4 38. Rh5 $1
Qd2 39. Qg7 $1 $18) 36. Qd8 $16) 35. Bc2 $1 {[%mdl 32]} Bd7 36. Qf3 $1 $18 {
[%cal Gg3g4,Gf3f6][%mdl 32]} Rh8 (36... Qf7 37. g4 Ke7 38. gxf5 Kd8 39. Rh6 Rf8
40. Qg3 $16) 37. Bxf5 $1 Bxf5 38. g4 Rxh1 39. Qxf5+ Ke7 40. Kxh1 Kd6 41. Kg2
Qe7 42. Kg3 b6 43. Qc8 Qf6 44. Qb8+ Kc6 45. f4 gxf4+ 46. Qxf4 Qe6 47. Qe5 Qg6
48. g5 Qd3+ 49. Kg4 Qd1+ 50. Kf5 Qc2+ 51. Kf6 Qxa2 52. g6 Qf2+ 53. Qf5 Qh4+ 54.
Kf7 Qd8 55. Qf6+ 1-0